| 000 | 00755nam a22002177a 4500 | ||
|---|---|---|---|
| 003 | LK-CoDNM | ||
| 005 | 20241122134904.0 | ||
| 008 | 241015b |||||||| |||| 00| 0 eng d | ||
| 040 |
_aLK-CoDNM _dLK-CoDNM _eLK-CoDNM |
||
| 041 | _asin | ||
| 080 |
_aප්ර.අ. _b16.f |
||
| 245 |
_aඅමෘත වාහිනී - 1941 _b1 කාණ්ඩය 17 කලාපය |
||
| 260 |
_aකොළඹ _c1941 _bවිද්යානන්ද යන්ත්රාලය |
||
| 300 | _b8p. ; 24 cm | ||
| 500 | _aමාසික සගරාව | ||
| 650 | _aඅමෘත වාහිනී - 1941 | ||
| 650 | _a1 කාණ්ඩය 17 කලාපය | ||
| 650 | _aප්ර.අ. 16.f | ||
| 650 | _aමාසික සගරාව | ||
| 942 | _cBK | ||
| 999 |
_c232356 _d232356 |
||